000 00887nam a2200193 a 4500
008 160722s2009 ||||||||||||||||| || u
020 _a9780415440899
050 _aHA 32 Bry
100 _aBryman, Alan
245 1 0 _aQuantitative data analysis with SPSS 14, 15 & 16: a guide for social scientists
_cBy Alan Bryman [and] Duncan Cramer
260 _aLondon
_bRoutledge
_c2009
300 _axxv, 381p.: ill.
350 _a47.50
650 _aSOCIAL SCIENCES--STATISTICAL METHODS--COMPUTER PROGRAMS
650 _a SPSS FOR WINDOWS
700 _aCramer, Duncan
995 _aMAIN LIBRARY OPEN ACCESS
_e746360
_FCBU-MAIN LIBRARY (Kitwe)
_I47.50
_jHA 32 Bry
_M1
_UAVAILABLE
_WAug 3, 2016
_y746360
_ZMain Library Open Access Collection
995 _aMAIN LIBRARY OPEN ACCESS
_e746361
_FCBU-MAIN LIBRARY (Kitwe)
_I47.50
_jHA 32 Bry
_M2
_UAVAILABLE
_WAug 3, 2016
_y746361
_ZMain Library Open Access Collection
999 _c79912
_d79912